|
|
|
|
| LEADER |
01463nem a2200325 a 4500 |
| 001 |
001234455 |
| 003 |
CZ BrMZK |
| 005 |
20130326173442.0 |
| 007 |
aj|canzn |
| 008 |
111208s1929 xr dg a 0| cze d |
| 034 |
1 |
|
|a a
|b 90000
|d E0161521
|e E0165026
|f N0492145
|g N0490219
|
| 040 |
|
|
|a BOA001
|b cze
|
| 043 |
|
|
|a e-xr---
|b e-xr-jm
|2 czenas
|
| 072 |
|
7 |
|a 913(437)
|x Geografie Česka a Slovenska, reálie, cestování
|2 Konspekt
|9 7
|
| 072 |
|
7 |
|a 912
|x Mapy. Atlasy. Glóby
|2 Konspekt
|9 7
|
| 080 |
|
|
|a (437.322)
|2 MRF
|
| 080 |
|
|
|a (084.3)32
|2 MRF
|
| 080 |
|
|
|a (084.3)371.673
|2 MRF
|
| 245 |
0 |
0 |
|a Politický okres brněnský
|h [kartografický dokument] :
|b mapa vlastivědná
|
| 255 |
|
|
|a Měřítko 1:90 000
|c (016°15´21" v.d.--016°50´26" v.d./049°21´45" s.š.--049°02´19" s.š.)
|
| 260 |
|
|
|a [Brno] :
|b Vydáno vlastivědnou sekcí učitelstva okr. Brno-venkov,
|c 1929
|e (Brno-Židenice :
|f lit. a tisk Jarkovský a Svoboda)
|
| 300 |
|
|
|a 1 mapa :
|b litografie, barev. ;
|c 40 x 47 cm, na listu 47 x 55 cm
|
| 562 |
|
|
|a Razítko: Důvěrné
|5 CZ-BrMZK
|
| 655 |
|
7 |
|a školní mapy
|7 fd133894
|2 czenas
|
| 651 |
|
7 |
|a Brno (Česko : oblast)
|7 ge128414
|2 czenas
|
| 856 |
4 |
1 |
|u http://www.digitalniknihovna.cz/mzk/uuid/uuid:8926f437-e397-4309-84a9-dc6e4fa0cfbb
|y Digitalizovaný dokument
|
| 856 |
4 |
1 |
|u http://www.digitalniknihovna.cz/mzk/uuid/uuid:e7d1551a-7a9b-46f9-a26f-1de2b24578cd
|y Digitalizovaný dokument
|
| 910 |
|
|
|a BOA001
|b Mpa-0109.759
|
| 990 |
|
|
|a MP
|
| 991 |
|
|
|b 201207
|